Česko - anglický slovník hospodářský /
Gespeichert in:
| Hauptverfasser: | , , |
|---|---|
| Format: | Buch |
| Sprache: | Tschechisch Englisch |
| Veröffentlicht: |
Plzeň :
Fraus,
2000
|
| Ausgabe: | 1. vyd. |
| Tags: |
Keine Tags, Fügen Sie das erste Tag hinzu!
|
MARC
| LEADER | 00000nam a22000003a 4500 | ||
|---|---|---|---|
| 001 | stu74012 | ||
| 005 | 20150617225647.8 | ||
| 008 | 020213s2000----xr------------------cze-d | ||
| 020 | |a 80-7238-047-8 | ||
| 040 | |a STU |b slo | ||
| 041 | 0 | |a cze |a eng | |
| 044 | |a xr | ||
| 080 | |a 33(038) =20 =850 | ||
| 100 | 1 | |a Straková, Marcela |4 aut | |
| 245 | 1 | |a Česko - anglický slovník hospodářský / |c 45 000 hesel a vazeb: aktuální slovní zásoba: praktická příloha | |
| 250 | |a 1. vyd. | ||
| 260 | |a Plzeň : |b Fraus, |c 2000 | ||
| 300 | |a 761 s | ||
| 700 | 1 | |a Bürger, Josef |4 aut | |
| 700 | 1 | |a Hrdý, Milan |4 aut | |
| 996 | |b 284J005835 |c J*98897 |l JJST |s P |a 0 |w stu74012_0001 | ||